000 00325nam a2200133Ia 4500
008 240624s9999 xx 000 0 und d
041 _aeng
082 _a658.15 SHA
100 _aSHANMUGHAM R
245 _aFINANCIAL SERVICES
260 _c2010
_aNew Delhi
_bWiley
300 _axxix, : 274 : p. : cm. ; 26
365 _cRS
_b33
999 _c24695
_d24695